[Event "Sampa Chess Open - Local Piso Superior (ao lado da Renner) às 19h00"]
[Site "Shopping Metrô Tatuapé - Rua Domingos Agostim, 91, São Paulo/SP 03306-010"]
[Date "2024.02.03"]
[Round "7"]
[Board "19"]
[White "De Albuquerque, Ian Telek C."]
[Black "Jorge, Denrick Cabral Jose"]
[Result "1-0"]
[WhiteElo "2089"]
[BlackElo "1874"]
[PlyCount "99"]
[EventDate "2024.01.29"]
[EventRounds "9"]
[EventCountry "BRA"]

1. e4 c5 2. Nf3 d6 3. d4 cxd4 4. Nxd4 Nf6 5. Nc3 a6 6. Bg5 e6 7. Qf3 Be7 8. O-O-O
Qc7 9. g4 Nbd7 10. Bd2 Ne5 11. Qg3 b5 12. g5 Nfd7 13. f4 Nc4 14. Bg2 b4 15. Nce2
Nxd2 16. Rxd2 Bb7 17. h4 Nc5 18. Qe3 f5 19. Ng3 fxe4 20. Nxe4 e5 21. Nf5 Nxe4 22.
Bxe4 O-O 23. Rhd1 Kh8 24. fxe5 Bxe4 25. Qxe4 Rae8 26. Nxd6 Bxd6 27. Rxd6 Qa5 28.
Qd5 Qc7 29. e6 Rc8 30. Qd3 Rf2 31. Rd8+ Rf8 32. Rxf8+ Rxf8 33. Qd6 Qxd6 34. Rxd6
Kg8 35. e7 Re8 36. Rd8 Kf7 37. Rxe8 Kxe8 38. c4 bxc3 39. bxc3 Kxe7 40. Kd2 h6 41.
gxh6 gxh6 42. Ke3 Kd6 43. Kd4 Kc6 44. h5 a5 45. c4 a4 46. a3 Kb6 47. Kd5 Ka6 48.
Kd6 Kb7 49. c5 Kc8 50. Kc6  1-0

[Event "Sampa Chess Open - Local Piso Superior (ao lado da Renner) às 19h00"]
[Site "Shopping Metrô Tatuapé - Rua Domingos Agostim, 91, São Paulo/SP 03306-010"]
[Date "2024.02.03"]
[Round "7"]
[Board "20"]
[White "Dos Santos Junior, Haroldo Cunha"]
[Black "Cardoso, Maria Paula Da Silva"]
[Result "0-1"]
[WhiteElo "2033"]
[BlackElo "1780"]
[PlyCount "56"]
[EventDate "2024.01.29"]
[EventRounds "9"]
[EventCountry "BRA"]

1. d4 d5 2. Nf3 Nf6 3. Bf4 c5 4. e3 Nc6 5. c3 Qb6 6. Qb3 c4 7. Qc2 g6 8. Nbd2 Bf5
9. Qc1 Qd8 10. b3 b5 11. a4 a6 12. Ne5 Nxe5 13. Bxe5 Bg7 14. axb5 axb5 15. bxc4 bxc4
16. e4 dxe4 17. Bxc4 O-O 18. O-O Bh6 19. Bxf6 Rxa1 20. Qxa1 exf6 21. Nb3 Qc7 22.
Nc5 Bf4 23. Qa2 Bxh2+ 24. Kh1 Qf4 25. f3 Bg3 26. Kg1 Qh4 27. Rf2 e3 28. Rb2 e2  0-1

[Event "Sampa Chess Open - Local Piso Superior (ao lado da Renner) às 19h00"]
[Site "Shopping Metrô Tatuapé - Rua Domingos Agostim, 91, São Paulo/SP 03306-010"]
[Date "2024.02.03"]
[Round "7"]
[Board "21"]
[White "Blanco, Gustavo Jose Bachur"]
[Black "Cordero, Daniela"]
[Result "0-1"]
[WhiteElo "1491"]
[BlackElo "2028"]
[PlyCount "94"]
[EventDate "2024.01.29"]
[EventRounds "9"]
[EventCountry "BRA"]

1. e4 e6 2. d4 d5 3. exd5 exd5 4. Nf3 Nf6 5. Bg5 Be7 6. Bd3 Nc6 7. O-O Nb4 8. Be2
Bf5 9. Na3 O-O 10. c3 Nc6 11. Nc2 h6 12. Bh4 Re8 13. Ne3 Be6 14. Bd3 Ne4 15. Bxe7
Nxe7 16. Qc2 f5 17. Ne5 c5 18. dxc5 Qc7 19. Nf3 Qxc5 20. Nd4 Bd7 21. Rad1 Rac8 22.
Kh1 b5 23. f3 f4 24. Nxd5 Nxd5 25. fxe4 Ne3 26. Qb3+ Kh8 27. Rxf4 Nxd1 28. Qxd1 b4
29. Ne2 Rcd8 30. Qc2 Be6 31. h3 bxc3 32. Nxc3 Bxh3 33. gxh3 Qe5 34. Nd5 Rxd5 35.
exd5 Qxf4 36. Kg2 Qg5+ 37. Kf2 Qxd5 38. Bg6 Qd4+ 39. Kg2 Rf8 40. Qe2 Qf4 41. Bd3
Qg5+ 42. Kh1 Rc8 43. Kh2 Rf8 44. Kh1 Qg3 45. Qe4 Qxh3+ 46. Kg1 Qg3+ 47. Kh1 Qf3+
 0-1

[Event "Sampa Chess Open - Local Piso Superior (ao lado da Renner) às 19h00"]
[Site "Shopping Metrô Tatuapé - Rua Domingos Agostim, 91, São Paulo/SP 03306-010"]
[Date "2024.02.03"]
[Round "7"]
[Board "22"]
[White "Da Silva, Lucas Pereira Mendes"]
[Black "Moreira, Paulo Vinicius Macedo"]
[Result "1-0"]
[WhiteElo "1974"]
[BlackElo "1711"]
[PlyCount "47"]
[EventDate "2024.01.29"]
[EventRounds "9"]
[EventCountry "BRA"]

1. Nf3 d5 2. b3 c5 3. Bb2 Nf6 4. e3 Nc6 5. Be2 e6 6. O-O Bd6 7. d4 cxd4 8. exd4 O-O
9. Nbd2 b6 10. Re1 Bb7 11. Bd3 Nb4 12. Bf1 Ba6 13. c4 Rc8 14. a3 Nc6 15. Rc1 Na5
16. Ne5 Bb7 17. Bd3 Nc6 18. Re3 Bxe5 19. dxe5 d4 20. exf6 dxe3 21. Bxh7+ Kxh7 22.
Qh5+ Kg8 23. Qg5 exf2+ 24. Kh1  1-0

[Event "Sampa Chess Open - Local Piso Superior (ao lado da Renner) às 19h00"]
[Site "Shopping Metrô Tatuapé - Rua Domingos Agostim, 91, São Paulo/SP 03306-010"]
[Date "2024.02.03"]
[Round "7"]
[Board "23"]
[White "Barroso, Daniele Silva"]
[Black "Simeao, Miguel Roberto Ranieri"]
[Result "0-1"]
[WhiteElo "1349"]
[BlackElo "1962"]
[PlyCount "90"]
[EventDate "2024.01.29"]
[EventRounds "9"]
[EventCountry "BRA"]

1. c4 Nf6 2. Nc3 g6 3. d4 Bg7 4. e4 d6 5. f3 O-O 6. Be3 e5 7. d5 a5 8. Bd3 Ne8 9.
Nge2 f5 10. Qd2 f4 11. Bf2 Na6 12. Rc1 g5 13. Bb1 h5 14. h3 Nf6 15. Nb5 b6 16. Ng1
Rf7 17. a3 g4 18. hxg4 hxg4 19. Bh4 Nc5 20. Ba2 Qd7 21. b4 axb4 22. axb4 Nd3+ 23.
Qxd3 Rxa2 24. Ne2 Bb7 25. c5 bxc5 26. bxc5 dxc5 27. Bxf6 Rxf6 28. Rh5 Rb6 29. Rxc5
Ba6 30. Nec3 Ra5 31. Rxc7 Qxc7 32. Nxc7 Bxd3 33. Ne6 Ra7 34. Rg5 gxf3 35. gxf3 Rb2
36. Rg4 Rh2 37. Nd1 Kh7 38. Nc5 Bc2 39. Nf2 Ra1+ 40. Kd2 Rxf2+ 41. Kc3 Bd1 42. Rh4+
Kg6 43. Ne6 Rg2 44. d6 Ba4 45. Nc5 Rc1+  0-1

[Event "Sampa Chess Open - Local Piso Superior (ao lado da Renner) às 19h00"]
[Site "Shopping Metrô Tatuapé - Rua Domingos Agostim, 91, São Paulo/SP 03306-010"]
[Date "2024.02.03"]
[Round "7"]
[Board "24"]
[White "Pironti, Francisco Ferrari"]
[Black "Alves, Josue Flor De Souza"]
[Result "1-0"]
[WhiteElo "1953"]
[BlackElo "1551"]
[PlyCount "45"]
[EventDate "2024.01.29"]
[EventRounds "9"]
[EventCountry "BRA"]

1. c4 e5 2. Nc3 Nf6 3. Nf3 Nc6 4. e4 Bc5 5. Nxe5 Nxe5 6. d4 Bd6 7. c5 Bxc5 8. dxe5
Ng8 9. Qg4 Bf8 10. Bg5 f6 11. exf6 Nxf6 12. Qf3 Bb4 13. Bc4 h6 14. Bh4 g5 15. e5
d5 16. O-O-O Bg4 17. Qe3 Bxd1 18. exf6+ Kf8 19. Nxd5 Bd6 20. Rxd1 c6 21. Ne7 Rg8
22. Qe6 Bf4+ 23. Kc2  1-0

[Event "Sampa Chess Open - Local Piso Superior (ao lado da Renner) às 19h00"]
[Site "Shopping Metrô Tatuapé - Rua Domingos Agostim, 91, São Paulo/SP 03306-010"]
[Date "2024.02.03"]
[Round "7"]
[Board "25"]
[White "Matiuci, Bernardo Steinle"]
[Black "Ikejiri, Daniel Yoshito"]
[Result "1/2-1/2"]
[WhiteElo "1546"]
[BlackElo "1916"]
[PlyCount "82"]
[EventDate "2024.01.29"]
[EventRounds "9"]
[EventCountry "BRA"]

1. d4 d5 2. c4 e6 3. Nc3 c6 4. e4 dxe4 5. Nxe4 Bb4+ 6. Bd2 Qxd4 7. Bxb4 Qxe4+ 8.
Be2 Nd7 9. Bd6 Ne7 10. Nf3 Nf5 11. Bb4 b6 12. O-O Bb7 13. Re1 c5 14. Bc3 Qc6 15.
Bd3 O-O-O 16. Be4 Qc7 17. Qe2 Bxe4 18. Qxe4 Qb7 19. Qe2 Rhg8 20. b4 Qc7 21. a4 cxb4
22. Bxb4 a5 23. Ba3 Nc5 24. Bxc5 Qxc5 25. Rab1 Rd6 26. Rb5 Qc7 27. c5 bxc5 28. Reb1
Rgd8 29. g3 Nd4 30. Nxd4 cxd4 31. Qb2 Qc3 32. Rb8+ Kd7 33. Qb5+ Rc6 34. Rxd8+ Kxd8
35. Qe5 Kd7 36. Qxg7 Kd6 37. Qf8+ Kd5 38. Qd8+ Kc4 39. Qg5 Rc5 40. Qf4 Kd5 41. Qxf7
Qc2  1/2-1/2

[Event "Sampa Chess Open - Local Piso Superior (ao lado da Renner) às 19h00"]
[Site "Shopping Metrô Tatuapé - Rua Domingos Agostim, 91, São Paulo/SP 03306-010"]
[Date "2024.02.03"]
[Round "7"]
[Board "26"]
[White "Nunes, Rafael Klanfer"]
[Black "Vargas, Goncalo Cintra"]
[Result "0-1"]
[WhiteElo "1789"]
[BlackElo "2041"]
[PlyCount "74"]
[EventDate "2024.01.29"]
[EventRounds "9"]
[EventCountry "BRA"]

1. d4 f5 2. Nf3 Nf6 3. Bf4 g6 4. e3 Bg7 5. Be2 d6 6. h3 O-O 7. O-O Kh8 8. c4 Be6
9. Nc3 Bg8 10. b4 Nfd7 11. Rc1 e5 12. dxe5 Nxe5 13. Nxe5 dxe5 14. Qxd8 Rxd8 15. Bg3
Nc6 16. a3 Rd2 17. Rfd1 Rad8 18. Rxd2 Rxd2 19. Kf1 g5 20. Rd1 Rxd1+ 21. Nxd1 f4 22.
Bh2 a5 23. b5 Ne7 24. e4 Nc8 25. f3 Bf8 26. a4 Nb6 27. Nb2 Ba3 28. c5 Bxc5 29. Bg1
Bxg1 30. Kxg1 Bb3 31. Kf2 Nxa4 32. Nxa4 Bxa4 33. Bc4 Kg7 34. g4 Kf6 35. Ke2 Ke7 36.
Kd2 Kd6 37. Bd5 b6  0-1

[Event "Sampa Chess Open - Local Piso Superior (ao lado da Renner) às 19h00"]
[Site "Shopping Metrô Tatuapé - Rua Domingos Agostim, 91, São Paulo/SP 03306-010"]
[Date "2024.02.03"]
[Round "7"]
[Board "27"]
[White "Santanna, Paulo"]
[Black "Pittoli, Vinicius Eduardo Moreir"]
[Result "1-0"]
[WhiteElo "2021"]
[BlackElo "1648"]
[PlyCount "79"]
[EventDate "2024.01.29"]
[EventRounds "9"]
[EventCountry "BRA"]

1. Nf3 d5 2. e3 c5 3. c4 e6 4. cxd5 exd5 5. b3 Nc6 6. Bb2 Nf6 7. Be2 h6 8. O-O Be6
9. d4 Rc8 10. Nc3 Be7 11. Rc1 O-O 12. dxc5 Bxc5 13. Nxd5 Be7 14. Nxe7+ Qxe7 15. Bd3
Rfd8 16. Qe2 Bg4 17. Bb1 Rd5 18. h3 Bh5 19. e4 Rcd8 20. Bxf6 gxf6 21. Qe3 Bxf3 22.
exd5 Qxe3 23. fxe3 Bxd5 24. Rxf6 Kg7 25. Rf2 Be6 26. Bf5 Ne5 27. Bxe6 fxe6 28. Rc7+
Kg6 29. Rxb7 Rd3 30. Rxa7 Rxe3 31. Kh2 Nc6 32. Raf7 Nd4 33. R2f6+ Kg5 34. h4+ Kh5
35. Rg7 Re2 36. Kh3 Re3+ 37. Rg3 Re2 38. Rd3 Re4 39. g4+ Rxg4 40. Rxh6+  1-0

[Event "Sampa Chess Open - Local Piso Superior (ao lado da Renner) às 19h00"]
[Site "Shopping Metrô Tatuapé - Rua Domingos Agostim, 91, São Paulo/SP 03306-010"]
[Date "2024.02.03"]
[Round "7"]
[Board "28"]
[White "Carvalho Jr, Celestino"]
[Black "Da Rocha, Lucas Sampaio"]
[Result "1/2-1/2"]
[WhiteElo "1939"]
[BlackElo "1647"]
[PlyCount "102"]
[EventDate "2024.01.29"]
[EventRounds "9"]
[EventCountry "BRA"]

1. e4 c6 2. Nf3 d5 3. e5 c5 4. g3 Nc6 5. Bg2 Bg4 6. h3 Bxf3 7. Qxf3 e6 8. Qe2 Qc7
9. f4 Nge7 10. c3 Nf5 11. Qf2 Be7 12. d3 h5 13. h4 Rh6 14. Bh3 g6 15. Nd2 b5 16.
Nf3 c4 17. d4 Kd7 18. a3 Rhh8 19. O-O a5 20. Bd2 Nh6 21. Qe2 b4 22. Ng5 Bxg5 23.
fxg5 Nf5 24. axb4 axb4 25. Bf4 Qb7 26. Rxa8 Rxa8 27. Re1 Nce7 28. Bg2 bxc3 29. bxc3
Qb3 30. Rc1 Ra2 31. Qe1 Qb2 32. Qf1 Kc7 33. Qf3 Nc6 34. Rf1 Na7 35. Rf2 Qxf2+ 36.
Qxf2 Rxf2 37. Kxf2 Nb5 38. Bd2 Na3 39. Bf3 Nb1 40. Be1 Kb6 41. Bd1 Na3 42. Ba4 Nb5
43. Kf3 Ka5 44. Bd1 Na7 45. Bd2 Nb5 46. Kf4 Nc7 47. Bc1 Nb5 48. Bd2 Na3 49. Be1 Nb5
50. Bd2 Na3 51. Be1 Nb5  1/2-1/2

[Event "Sampa Chess Open - Local Piso Superior (ao lado da Renner) às 19h00"]
[Site "Shopping Metrô Tatuapé - Rua Domingos Agostim, 91, São Paulo/SP 03306-010"]
[Date "2024.02.03"]
[Round "7"]
[Board "29"]
[White "Cristino, Felipe Borges"]
[Black "Munhoz, Joao Pedro"]
[Result "1/2-1/2"]
[WhiteElo "1890"]
[BlackElo "1608"]
[PlyCount "130"]
[EventDate "2024.01.29"]
[EventRounds "9"]
[EventCountry "BRA"]

1. d4 d5 2. c4 dxc4 3. e3 Nf6 4. Bxc4 e6 5. Nf3 a6 6. O-O b5 7. Bd3 Bb7 8. a4 c6
9. Nbd2 Be7 10. Nb3 Nbd7 11. Qe2 O-O 12. Bd2 bxa4 13. Na5 Qb6 14. Rxa4 c5 15. Nc4
Qc7 16. Rfa1 cxd4 17. exd4 Nd5 18. Nce5 Nxe5 19. Nxe5 Bd6 20. Rc1 Qe7 21. Qh5 g6
22. Qh3 f5 23. f4 Nc7 24. Bc3 Nb5 25. Qe3 Rfc8 26. Raa1 Kg7 27. Nc4 Nxc3 28. bxc3
Bc7 29. Rab1 Rab8 30. Nb6 Rd8 31. Bc4 Qd6 32. Qe5+ Qxe5 33. fxe5 Be4 34. Rb3 Rxb6
35. Rxb6 Bxb6 36. Bxe6 Bd5 37. Bxd5 Rxd5 38. Kf1 Kf7 39. Ke2 Ke6 40. Kd3 Kd7 41.
Rb1 Kc6 42. Kc4 Rd8 43. Ra1 a5 44. Rd1 Rd5 45. Rd2 Bc7 46. Rb2 f4 47. Rf2 g5 48.
g3 fxg3 49. hxg3 Bxe5 50. dxe5 Rxe5 51. Rf6+ Kd7 52. Rf7+ Re7 53. Rf5 Re4+ 54. Kd5
Rg4 55. Rf7+ Ke8 56. Rxh7 Rxg3 57. c4 g4 58. c5 Rd3+ 59. Kc6 a4 60. Rh2 g3 61. Re2+
Kd8 62. Ra2 a3 63. Rg2 Rb3 64. Rd2+ Kc8 65. Re2 Kd8  1/2-1/2

[Event "Sampa Chess Open - Local Piso Superior (ao lado da Renner) às 19h00"]
[Site "Shopping Metrô Tatuapé - Rua Domingos Agostim, 91, São Paulo/SP 03306-010"]
[Date "2024.02.03"]
[Round "7"]
[Board "30"]
[White "Leon Lopes, Sergio Amadeus"]
[Black "Mattos, Bernardo Cunha"]
[Result "1-0"]
[WhiteElo "1858"]
[BlackElo "1567"]
[PlyCount "109"]
[EventDate "2024.01.29"]
[EventRounds "9"]
[EventCountry "BRA"]

1. c4 e6 2. Nc3 d5 3. e3 c5 4. cxd5 exd5 5. d4 Nc6 6. Nf3 Nf6 7. Bb5 Be7 8. Ne5 Bd7
9. O-O O-O 10. Nxd7 Qxd7 11. Ne2 a6 12. Bd3 c4 13. Bb1 b5 14. Ng3 g6 15. Qe2 Bd6
16. Rd1 Rfe8 17. Qf3 Qe6 18. Bd2 Ne4 19. Nxe4 dxe4 20. Qe2 Qd5 21. b3 Bb4 22. bxc4
Qxc4 23. Qxc4 bxc4 24. a3 Bxd2 25. Rxd2 Na5 26. Ba2 Rec8 27. Rb1 c3 28. Rc2 Rab8
29. Rb4 Kg7 30. h4 Rxb4 31. axb4 Nb7 32. Bd5 Nd6 33. f3 f5 34. fxe4 Nxe4 35. Bb7
Rc4 36. Bxe4 fxe4 37. g4 Kf6 38. Kf2 h6 39. Ke1 g5 40. h5 Ke6 41. Kd1 Kd6 42. Re2
Rc6 43. Ra2 c2+ 44. Kc1 Rc3 45. Rxa6+ Ke7 46. Rxh6 Rxe3 47. Rg6 Rd3 48. Rxg5 Rxd4
49. h6 Kf7 50. h7 Rd8 51. Rg8 Rxg8 52. hxg8=Q+ Kxg8 53. Kxc2 Kf7 54. Kd2 Kf6 55.
Ke3  1-0

[Event "Sampa Chess Open - Local Piso Superior (ao lado da Renner) às 19h00"]
[Site "Shopping Metrô Tatuapé - Rua Domingos Agostim, 91, São Paulo/SP 03306-010"]
[Date "2024.02.03"]
[Round "7"]
[Board "31"]
[White "Aragao Neto, Joao Batista"]
[Black "Santos, Abel Cardoso Dos"]
[Result "0-1"]
[WhiteElo "1585"]
[BlackElo "1854"]
[PlyCount "100"]
[EventDate "2024.01.29"]
[EventRounds "9"]
[EventCountry "BRA"]

1. e4 e5 2. Nf3 Nc6 3. Bb5 a6 4. Ba4 Nf6 5. d3 d6 6. c3 g6 7. Bg5 h6 8. Be3 Bg7 9.
h3 Qe7 10. Nbd2 b5 11. Bc2 d5 12. Nb3 dxe4 13. dxe4 Nd7 14. Qe2 Nd8 15. a4 b4 16.
Qc4 bxc3 17. bxc3 Nb6 18. Qe2 Ne6 19. g3 a5 20. Bd3 O-O 21. O-O Rd8 22. Kh2 Rxd3
23. Qxd3 Ba6 24. Qb1 Be2 25. Ng1 Bxf1 26. Qxf1 Qe8 27. Qb5 Qxb5 28. axb5 Nc4 29.
Bc1 Nd6 30. f3 Nxb5 31. Ne2 a4 32. Nd2 Nc5 33. Nc4 Nb3 34. Rb1 Nxc1 35. Rxc1 a3 36.
Ne3 c6 37. Ra1 Bf8 38. Nc2 Ra4 39. Ne3 Bc5 40. Nd1 Rc4 41. Ra2 Kf8 42. Kg2 Ke7 43.
Kf1 f5 44. exf5 gxf5 45. Ke1 e4 46. fxe4 fxe4 47. Kd2 Kf6 48. Kc2 Ke5 49. Kb3 Nd6
50. Rd2 e3  0-1

[Event "Sampa Chess Open - Local Piso Superior (ao lado da Renner) às 19h00"]
[Site "Shopping Metrô Tatuapé - Rua Domingos Agostim, 91, São Paulo/SP 03306-010"]
[Date "2024.02.03"]
[Round "7"]
[Board "32"]
[White "Jenidarchiche, Douglas Rodrigo"]
[Black "Kassab, Alexandre T Canelas"]
[Result "1-0"]
[WhiteElo "1845"]
[BlackElo "1800"]
[PlyCount "87"]
[EventDate "2024.01.29"]
[EventRounds "9"]
[EventCountry "BRA"]

1. d4 Nf6 2. c4 e6 3. Nc3 d5 4. cxd5 exd5 5. Bg5 Be7 6. e3 c6 7. Bd3 Nbd7 8. Nge2
h6 9. Bh4 O-O 10. O-O Ne4 11. Bxe7 Qxe7 12. Bxe4 dxe4 13. Qc2 Nf6 14. Ng3 Re8 15.
Na4 h5 16. Qc5 Qxc5 17. Nxc5 b6 18. Nb3 Be6 19. Nd2 Bd5 20. Rfc1 g6 21. h4 Rac8 22.
b4 b5 23. a4 bxa4 24. Rxa4 Rb8 25. Ne2 Re7 26. Nc4 Reb7 27. Ne5 Rxb4 28. Rxa7 Rb1
29. Ra1 Rxa1 30. Rxa1 Kg7 31. Nf4 Ng4 32. Nxg4 hxg4 33. Ra7 Kf6 34. Rd7 Be6 35. Rd6
Rc8 36. Nxe6 Ke7 37. Rd8 Rxd8 38. Nxd8 Kxd8 39. Kh2 Ke7 40. Kg3 f5 41. Kf4 Ke6 42.
Kg5 Kf7 43. h5 gxh5 44. Kxf5  1-0

[Event "Sampa Chess Open - Local Piso Superior (ao lado da Renner) às 19h00"]
[Site "Shopping Metrô Tatuapé - Rua Domingos Agostim, 91, São Paulo/SP 03306-010"]
[Date "2024.02.03"]
[Round "7"]
[Board "33"]
[White "De Brito E Silva, William"]
[Black "Sanches De Carvalho, Fabio"]
[Result "0-1"]
[WhiteElo "1549"]
[BlackElo "1838"]
[PlyCount "56"]
[EventDate "2024.01.29"]
[EventRounds "9"]
[EventCountry "BRA"]

1. e4 c5 2. Nf3 d6 3. d4 cxd4 4. Nxd4 Nf6 5. Nc3 a6 6. Bc4 Qc7 7. Bb3 Nc6 8. O-O
e5 9. Nxc6 Qxc6 10. Be3 Be6 11. Bxe6 fxe6 12. f4 exf4 13. Bxf4 Qc5+ 14. Kh1 Be7 15.
Qf3 O-O 16. Be3 Qc7 17. Qg3 b5 18. a3 Qc4 19. Bh6 Rf7 20. Qf3 Raf8 21. b3 Qc6 22.
e5 Nd5 23. Nxd5 Qxd5 24. Qe2 Qxe5 25. Rxf7 Qxa1+ 26. Bc1 Qxc1+ 27. Qd1 Qxd1+ 28.
Rf1 Qxf1#  0-1

[Event "Sampa Chess Open - Local Piso Superior (ao lado da Renner) às 19h00"]
[Site "Shopping Metrô Tatuapé - Rua Domingos Agostim, 91, São Paulo/SP 03306-010"]
[Date "2024.02.03"]
[Round "7"]
[Board "34"]
[White "Da Cunha, Gabriela Goes"]
[Black "Resende, Ana Gabriela Lobato"]
[Result "1-0"]
[WhiteElo "1837"]
[BlackElo "1800"]
[PlyCount "119"]
[EventDate "2024.01.29"]
[EventRounds "9"]
[EventCountry "BRA"]

1. d4 d5 2. c4 e6 3. cxd5 exd5 4. Nc3 Nf6 5. Bg5 Be7 6. Bxf6 Bxf6 7. e3 O-O 8. Nf3
Be6 9. Bd3 g6 10. O-O Nd7 11. Rc1 c6 12. b4 Rc8 13. Be2 Re8 14. h3 Bg7 15. b5 Rb8
16. bxc6 bxc6 17. Na4 Rc8 18. Ba6 Rc7 19. Qd2 Nb6 20. Nc5 Qe7 21. Qa5 Bc8 22. Bd3
Qd6 23. Rc2 Nd7 24. Rfc1 Nxc5 25. Rxc5 Bd7 26. Rxd5 Qxd5 27. Qxd5 cxd5 28. Rxc7 Be6
29. Rxa7 Rc8 30. a4 Bf8 31. Ng5 Rc1+ 32. Kh2 Rd1 33. Nxe6 fxe6 34. Bb5 g5 35. a5
Rd2 36. Kg1 Rd1+ 37. Bf1 h5 38. g3 h4 39. gxh4 gxh4 40. a6 Bd6 41. Rd7 Bf8 42. a7
Ra1 43. Kg2 Ra2 44. Bb5 Bd6 45. Rd8+ Kf7 46. a8=Q Rxa8 47. Rxa8 Kf6 48. Kf3 e5 49.
dxe5+ Kxe5 50. Rh8 Be7 51. Re8 Kf6 52. Rxe7 Kxe7 53. Bc6 Kd6 54. Bxd5 Kxd5 55. Kg4
Ke4 56. Kxh4 Kf5 57. Kg3 Kg5 58. h4+ Kf5 59. Kf3 Ke5 60. Kg4  1-0

[Event "Sampa Chess Open - Local Piso Superior (ao lado da Renner) às 19h00"]
[Site "Shopping Metrô Tatuapé - Rua Domingos Agostim, 91, São Paulo/SP 03306-010"]
[Date "2024.02.03"]
[Round "7"]
[Board "35"]
[White "Usui, Gabriella Yumi"]
[Black "Hirota Da Silva, Nilton"]
[Result "1/2-1/2"]
[WhiteElo "1448"]
[BlackElo "1827"]
[PlyCount "145"]
[EventDate "2024.01.29"]
[EventRounds "9"]
[EventCountry "BRA"]

1. d4 c6 2. c4 d6 3. Nf3 Bg4 4. e3 Nf6 5. Nbd2 e5 6. dxe5 Bxf3 7. Nxf3 Ng8 8. exd6
Bxd6 9. Be2 Nf6 10. O-O O-O 11. b3 Qe7 12. Bb2 Nbd7 13. Qc2 Rfe8 14. Rad1 Rad8 15.
h3 Ne4 16. Bd3 Ndc5 17. Bxe4 Nxe4 18. Rd4 c5 19. Rd3 f5 20. Rfd1 h6 21. Rd5 g6 22.
Qd3 Bc7 23. Rd7 Rxd7 24. Qxd7 Rd8 25. Ne5 Rxd7 26. Rxd7 Qh4 27. g3 Nxg3 28. Nxg6
Ne2+ 29. Kf1 Qxh3+ 30. Kxe2 Qg4+ 31. Kf1 Qxg6 32. Rxc7 Qa6 33. Be5 Qxa2 34. Rxb7
a5 35. Rb5 Qb1+ 36. Ke2 Qc2+ 37. Ke1 a4 38. bxa4 Qc1+ 39. Ke2 Qxc4+ 40. Kd2 Qxa4
41. Rxc5 Qb4+ 42. Rc3 h5 43. Bf4 h4 44. Kd3 Qe4+ 45. Ke2 h3 46. Rc1 Qg2 47. Rc5 Qg4+
48. Kd2 Kf7 49. Bg3 Qb4+ 50. Rc3 Kg6 51. Kd3 Qe4+ 52. Ke2 Qg2 53. Rc4 h2 54. Bxh2
Qxh2 55. Rf4 Kg5 56. Kf3 Qg1 57. Ke2 Qg2 58. Rd4 Qc6 59. Kd2 Qa6 60. Rf4 Qf1 61.
Kc3 Qd1 62. Kc4 Qd6 63. Rd4 Qa6+ 64. Kc3 Qe2 65. Rf4 Qd1 66. Kc4 Qd2 67. Kb3 Qd6
68. Rd4 Qh2 69. Rf4 Qxf4 70. exf4+ Kxf4 71. Kc3 Kf3 72. Kd4 f4 73. Ke5  1/2-1/2

[Event "Sampa Chess Open - Local Piso Superior (ao lado da Renner) às 19h00"]
[Site "Shopping Metrô Tatuapé - Rua Domingos Agostim, 91, São Paulo/SP 03306-010"]
[Date "2024.02.03"]
[Round "7"]
[Board "39"]
[White "Goncalves, Ricardo Henrique Silva"]
[Black "Fernandez Barrero, Javier"]
[Result "0-1"]
[WhiteElo "1800"]
[BlackElo "1743"]
[PlyCount "138"]
[EventDate "2024.01.29"]
[EventRounds "9"]
[EventCountry "BRA"]

1. e4 e5 2. Nf3 Nc6 3. Bb5 a6 4. Bxc6 dxc6 5. O-O Bd6 6. d4 Bg4 7. dxe5 Bxf3 8. Qxf3
Bxe5 9. Rd1 Qf6 10. Qxf6 Bxf6 11. c3 Ne7 12. Bf4 Rd8 13. Na3 Rd7 14. Nc4 Ng6 15.
Bg3 Kd8 16. f4 Re8 17. Rxd7+ Kxd7 18. Re1 Bh4 19. Bxh4 Nxh4 20. Kf2 Ng6 21. g3 f6
22. Kf3 Nh8 23. a4 Nf7 24. Na5 Nd6 25. Nb3 b6 26. Re2 c5 27. Nd2 b5 28. axb5 axb5
29. e5 fxe5 30. fxe5 Nf7 31. Kf4 Ke6 32. Nf3 Rd8 33. h4 h6 34. g4 Nh8 35. Ke4 Ng6
36. h5 Ne7 37. b4 Nd5 38. Rc2 Rf8 39. Rf2 Rf4+ 40. Kd3 c4+ 41. Kd2 Rxg4 42. Nd4+
Kxe5 43. Rh2 Nxc3 44. Kxc3 Rg3+ 45. Nf3+ Rxf3+ 46. Kc2 Rb3 47. Rg2 Kf6 48. Rg6+ Kf7
49. Rc6 Rxb4 50. Rxc7+ Kf6 51. Rc5 g5 52. Rc6+ Kg7 53. Rc7+ Kf6 54. Rc6+ Kf5 55.
Rxh6 Rb3 56. Rb6 Kg4 57. h6 Rh3 58. Rxb5 Rxh6 59. Rc5 Rf6 60. Rxc4+ Rf4 61. Rc3 Rf3
62. Rc4+ Kg3 63. Kd2 g4 64. Rc8 Kf2 65. Re8 g3 66. Re2+ Kg1 67. Re1+ Kh2 68. Re5
g2 69. Rh5+ Rh3  0-1

[Event "Sampa Chess Open - Local Piso Superior (ao lado da Renner) às 19h00"]
[Site "Shopping Metrô Tatuapé - Rua Domingos Agostim, 91, São Paulo/SP 03306-010"]
[Date "2024.02.03"]
[Round "7"]
[Board "41"]
[White "Martins De Aguiar, Marina"]
[Black "Leal, Alexandre Garcia"]
[Result "1-0"]
[WhiteElo "1862"]
[BlackElo "1899"]
[PlyCount "77"]
[EventDate "2024.01.29"]
[EventRounds "9"]
[EventCountry "BRA"]

1. e4 c5 2. Nf3 Nc6 3. d4 cxd4 4. Nxd4 e6 5. Nc3 Qc7 6. Nxc6 bxc6 7. Bd3 Bb4 8. Qg4
Bxc3+ 9. bxc3 Qe5 10. Bd2 Nf6 11. Qxg7 Rg8 12. Qh6 Rxg2 13. Qf4 d6 14. Qxe5 dxe5
15. Kf1 Rg6 16. Rb1 Nd7 17. Be3 Kd8 18. h4 Kc7 19. h5 Rg8 20. Ke2 Nb6 21. f4 exf4
22. Bxf4+ Kd7 23. Rhg1 Bb7 24. e5 c5 25. Bxh7 Rh8 26. Rg7 Raf8 27. h6 Bc6 28. Rd1+
Ke8 29. Bg5 Bb5+ 30. Kf2 Nd5 31. Bf6 a6 32. a3 c4 33. Rd4 Kd7 34. Ke1 Kc6 35. Kd2
a5 36. Rh4 Kc5 37. Kc1 Bc6 38. Rh3 Nf4 39. Be7+  1-0

[Event "Sampa Chess Open - Local Piso Superior (ao lado da Renner) às 19h00"]
[Site "Shopping Metrô Tatuapé - Rua Domingos Agostim, 91, São Paulo/SP 03306-010"]
[Date "2024.02.03"]
[Round "7"]
[Board "42"]
[White "Damasio, Fabio Ferreira"]
[Black "Dos Santos, Felipe Zeuli Biller"]
[Result "0-1"]
[WhiteElo "1296"]
[BlackElo "1538"]
[PlyCount "38"]
[EventDate "2024.01.29"]
[EventRounds "9"]
[EventCountry "BRA"]

1. e4 c5 2. Nc3 g6 3. g3 Bg7 4. Bg2 Nc6 5. f4 e6 6. Nf3 Nge7 7. d3 O-O 8. O-O d5
9. e5 d4 10. Ne4 b6 11. Bd2 Nd5 12. Qe2 Bb7 13. c4 dxc3 14. Nxc3 Ndb4 15. Ne1 Nd4
16. Qd1 Bxg2 17. Kxg2 Qd7 18. Ne4 Nf5 19. Bxb4 Ne3+  0-1